Sistema Arterial II - Statistics

Estatísticas Gerais
  • Esse quiz foi jogado 35 vezes
    24 desde o último reset
  • A pontuação média é 37 de 62
Estatísticas das Respostas
Ramos de origem Ramos colaterais % Correto
Aorta Abdominal (ramos viscerais) Tronco celíaco
90%
Tronco celíaco Artéria esplénica
80%
Hepática comum Artéria gastroduodenal
80%
Aorta Torácica Artérias esofágicas
80%
Mesentérica superior Cólica média
80%
Hepática comum Gástrica direita
80%
Artéria esplénica (terminal) Gastro-omental esquerda
80%
Hepática comum (terminal) Hepática direita
80%
Hepática comum (terminal) Hepática esquerda
80%
Aorta Torácica Intercostais posteriores
80%
Aorta Abdominal (ramos viscerais) Mesentérica inferior
80%
Aorta Abdominal (ramos viscerais) Mesentérica superior
80%
Artéria esplénica Pancreática magna
80%
Aorta Torácica Artérias brônquicas
70%
Aorta Abdominal (ramos viscerais) Artérias genitais
70%
Aorta Abdominal (ramos parietais) Artérias lombares
70%
Aorta Torácica Artérias mediastínicas
70%
Aorta Torácica Artérias pericárdicas
70%
Aorta Abdominal (ramos viscerais) Artérias Renais
70%
Aorta Abdominal (ramos parietais) Frénicas inferiores
70%
Aorta Torácica Frénicas superiores
70%
Tronco celíaco Gástrica esquerda
70%
Artéria esplénica Gástrica posterior
70%
Artéria esplénica (terminal) Gástricas curtas
70%
Artéria gastroduodenal Gastro-omental direita
70%
Tronco celíaco Hepática comum
70%
Aorta Abdominal (ramos viscerais) Supra-renais médias
70%
Mesentérica superior Artéria ileocólica
60%
Gástrica esquerda Artérias cárdicas
60%
Gástrica esquerda (terminal) Artérias gástricas
60%
Artéria esplénica Artérias pancreáticas
60%
Cólica média/Mesentérica superior Cólica direita
60%
Mesentérica inferior Cólica esquerda
60%
Gástrica esquerda Gástrica anterior
60%
Mesentérica superior Hepática acessória direita
60%
Gástrica esquerda Hepática acessória esquerda
60%
Gástrica esquerda Ramos esofágicos
60%
Mesentérica superior Ramos jejunais e ileais
60%
Frénicas inferiores Supra-renais superiores
60%
Mesentérica inferior Tronco das artérias sigmoideias
60%
Aorta Abdominal (terminal) Ilíaca comum direita
50%
Aorta Abdominal (terminal) Ilíaca comum esquerda
50%
Artéria gastroduodenal Pancreático-duodenal superior
50%
Mesentérica superior (terminal) Ramos do intestino delgado
50%
Frénicas inferiores Ramos laterais
50%
Frénicas inferiores Ramos mediais
50%
Artérias renais (terminal) Ramos posteriores
50%
Mesentérica inferior (terminal) Retal superior direita
50%
Mesentérica inferior (terminal) Retal superior esquerda
50%
Aorta Abdominal (terminal) Sagrada média
50%
Artérias renais Supra-renais inferiores
50%
Artéria gastroduodenal Artéria cística
40%
Artérias genitais ♀ Artéria ovárica lateral
40%
Artérias renais Artérias capsulares
40%
Artérias renais Artérias uretéricas
40%
Artérias genitais ♀ Artéria tubárica lateral
40%
Artérias renais (terminal) Ramos anteriores
40%
Artérias renais Ramos musculares
30%
Artérias genitais ♀ Ligamento largo do útero
20%
Artérias genitais ♂ Ramos dos epidídimos
20%
Artérias genitais ♂ Ramos testiculares
20%
Mesentérica superior Tronco das artérias pancreático-duodenais inferiores
20%
Nenhum quiz correspondente encontrado
Distribuição das Pontuações
Porcentagem de Pessoas com Cada Pontuação
Percentil de Números Respondidos
Sua Pontuação Histórica
Você não jogou esse quiz desde o último reset